[Event "Las Palmas Insular-chT Honor 1718"]
[Site "Las Palmas"]
[Date "2018.02.24"]
[Round "8.3"]
[White "Arroyo Palacios, Jose Maria"]
[Black "Alonso Valiente, Alexis"]
[Result "0-1"]
[WhiteElo "1709"]
[BlackElo "1986"]
[PlyCount "106"]
[EventDate "2017.10.28"]
[EventType "team-tourn"]
[EventRounds "9"]
[EventCountry "ESP"]
[SourceTitle "EXT 2021"]
[Source "ChessBase"]
[SourceDate "2020.10.23"]
[SourceVersion "1"]
[SourceVersionDate "2020.10.23"]
[SourceQuality "1"]
[WhiteTeam "Tres W"]
[BlackTeam "Sociedad La Montana"]
[WhiteTeamCountry "ESP"]
[BlackTeamCountry "ESP"]

1. f4 d5 2. Nf3 Nf6 3. d3 c5 4. g3 Nc6 5. Bg2 e6 6. 0-0 Be7 7. e4 dxe4 8. dxe4 Qxd1 9. Rxd1 0-0 10. e5 Nd5 11. c4 Ndb4 12. Na3 a6 13. Be3 b6 14. Ne1 Ra7 15. Nac2 Nxc2 16. Nxc2 Na5 17. b3 Rd7 18. Rxd7 Bxd7 19. Rd1 Rd8 20. Kf2 Kf8 21. Ke2 Ke8 22. Bf2 b5 23. Ne3 Nc6 24. Bxc6 Bxc6 25. Rxd8+ Kxd8 26. Be1 b4 27. Kd3 Kd7 28. Nd1 f5 29. Nf2 g5 30. Bd2 h6 31. Be3 Bg2 32. Kc2 a5 33. Nd3 Be4 34. Kd2 Kc6 35. Nc1 Bb1 36. Ke2 Kd7 37. Kd2 gxf4 38. Bxf4 Bf8 39. h4 Bg7 40. Ke3 Ke8 41. Kf3 Bc2 42. Ke3 Kf7 43. Kd2 Bb1 44. Ke3 Kg6 45. Kd2 Kh5 46. Nd3 Bf8 47. Nc1 Kg4 48. Ke3 Be7 49. Bxh6 Kxg3 50. Bg5 Bxg5+ 51. hxg5 f4+ 52. Kd2 f3 53. Ke1 Kg2 0-1

[Event "Las Palmas Insular-chT Honor 1718"]
[Site "Las Palmas"]
[Date "2017.12.16"]
[Round "4.3"]
[White "Rodriguez Melian, Jose Luis"]
[Black "Alonso Valiente, Alexis"]
[Result "1-0"]
[WhiteElo "2084"]
[BlackElo "1986"]
[PlyCount "103"]
[EventDate "2017.10.28"]
[EventType "team-tourn"]
[EventRounds "9"]
[EventCountry "ESP"]
[SourceTitle "EXT 2019"]
[Source "ChessBase"]
[SourceDate "2018.10.10"]
[SourceVersion "1"]
[SourceVersionDate "2018.10.10"]
[SourceQuality "1"]
[WhiteTeam "Guia Univac"]
[BlackTeam "Sociedad La Montana"]
[WhiteTeamCountry "ESP"]
[BlackTeamCountry "ESP"]

1. d4 Nf6 2. c4 c6 3. Nc3 d5 4. cxd5 cxd5 5. Bf4 Nc6 6. e3 e6 7. Bb5 Bd7 8. Nf3 a6 9. Bd3 Nb4 10. Bb1 Rc8 11. Ne5 Be7 12. h3 0-0 13. Nxd7 Qxd7 14. 0-0 Bd6 15. Bg5 Be7 16. a3 Nc6 17. Na4 Qd8 18. b4 Nd7 19. Bf4 b5 20. Nc5 Nxc5 21. bxc5 g6 22. Bd3 e5 23. Bh6 Re8 24. a4 exd4 25. axb5 axb5 26. Bxb5 Bxc5 27. exd4 Bf8 28. Bxf8 Rxf8 29. Qd2 Qb6 30. Bxc6 Rxc6 31. Rfb1 Qd8 32. Rb5 Rd6 33. Raa5 Re8 34. Qb4 Kg7 35. Ra7 Qf6 36. Rbb7 Rf8 37. Qd2 h6 38. g3 Re6 39. Kg2 Re4 40. Rd7 Rxd4 41. Qc3 Qe5 42. Re7 Qf6 43. Ra6 Qxa6 44. Qxd4+ Qf6 45. Re5 Rd8 46. h4 h5 47. f4 Kh7 48. Rxh5+ Kg7 49. Re5 Rd7 50. g4 Rc7 51. g5 Rc2+ 52. Kg3 1-0

[Event "Sitges op 43rd"]
[Site "Sitges"]
[Date "2017.07.24"]
[Round "3"]
[White "Oblitas Guerrero, Carlomagno"]
[Black "Alonso Valiente, Alexis"]
[Result "1-0"]
[WhiteElo "2395"]
[BlackElo "1982"]
[PlyCount "81"]
[EventDate "2017.07.22"]
[EventType "swiss"]
[EventRounds "9"]
[EventCountry "ESP"]
[SourceTitle "CBM 179 Extra"]
[Source "ChessBase"]
[SourceDate "2017.08.23"]
[SourceVersion "1"]
[SourceVersionDate "2017.08.23"]
[SourceQuality "1"]

1. c4 Nf6 2. g3 e6 3. Bg2 d5 4. Nf3 Be7 5. 0-0 0-0 6. d4 c6 7. Qc2 Ne4 8. Nbd2 f5 9. Ne5 Nd7 10. Ndf3 Ndf6 11. Rb1 Bd7 12. b4 b5 13. cxb5 cxb5 14. Nd3 Nd6 15. Nc5 Nc4 16. Ne5 Nxe5 17. dxe5 Ne4 18. Be3 Qc7 19. Qb2 Rfc8 20. Rfc1 Nxc5 21. Bxc5 Bxc5 22. Rxc5 Qb6 23. Rbc1 Rxc5 24. Rxc5 Rc8 25. Rxc8+ Bxc8 26. Qc3 Bd7 27. e3 Qc6 28. Qxc6 Bxc6 29. Kf1 Kf7 30. Ke2 Ke7 31. Kd3 Kd7 32. Kd4 Kc7 33. Kc5 Be8 34. Bf1 a6 35. Be2 Bd7 36. g4 fxg4 37. Bxg4 g6 38. h4 h5 39. Bd1 Be8 40. f4 Bf7 41. a4 1-0

[Event "Las Palmas Cabildo op"]
[Site "Las Palmas"]
[Date "2017.03.31"]
[Round "7"]
[White "Rodriguez Melian, Jose Luis"]
[Black "Alonso Valiente, Alexis"]
[Result "0-1"]
[WhiteElo "2054"]
[BlackElo "1941"]
[PlyCount "120"]
[EventDate "2017.03.10"]
[EventType "swiss"]
[EventRounds "7"]
[EventCountry "ESP"]
[SourceTitle "EXT 2018"]
[Source "ChessBase"]
[SourceDate "2017.10.13"]
[SourceVersion "1"]
[SourceVersionDate "2017.10.13"]
[SourceQuality "1"]

1. d4 Nf6 2. c4 c6 3. Nf3 d5 4. Nbd2 Bf5 5. g3 h6 6. Bg2 e6 7. 0-0 Nbd7 8. b3 Bd6 9. Bb2 0-0 10. Rc1 a5 11. Ne5 a4 12. Nxd7 Qxd7 13. c5 Bc7 14. b4 Qe7 15. f3 e5 16. e4 dxe4 17. dxe5 Bxe5 18. Bxe5 Qxe5 19. Nc4 Qe6 20. Re1 Rfd8 21. Qe2 exf3 22. Qxf3 Qd5 23. Nd6 Qd4+ 24. Qe3 Qxe3+ 25. Rxe3 Be6 26. a3 Rab8 27. Bf3 Bd5 28. Rce1 b6 29. Nf5 bxc5 30. bxc5 Bxf3 31. Rxf3 Nd5 32. Ne7+ Nxe7 33. Rxe7 Rf8 34. Rc7 Rbc8 35. Rfxf7 Rxc7 36. Rxc7 Rf3 37. Rxc6 Rxa3 38. Ra6 Kf7 39. Kf2 Ke7 40. Ra7+ Kf6 41. Ke2 Rc3 42. Ra5 a3 43. Kd2 Rf3 44. c6 Ke7 45. Ra7+ Kd6 46. Ke2 Rb3 47. c7 Kd7 48. Kf2 g5 49. h3 h5 50. Ra5 Kxc7 51. Rxg5 Kb6 52. Rg8 Kc5 53. Ra8 Kb4 54. Ra7 Rc3 55. Rb7+ Ka4 56. Ra7+ Kb3 57. g4 hxg4 58. hxg4 a2 59. Rb7+ Kc2 60. Ra7 Kb2 0-1

[Event "Gran Canaria Santana Memorial 5th"]
[Site "Gran Canaria"]
[Date "2017.02.24"]
[Round "7"]
[White "Cruz Pino, Adrian"]
[Black "Alonso Valiente, Alexis"]
[Result "1-0"]
[WhiteElo "2092"]
[BlackElo "1940"]
[PlyCount "89"]
[EventDate "2017.02.03"]
[EventType "swiss"]
[EventRounds "7"]
[EventCountry "ESP"]
[SourceTitle "CBM 177 Extra"]
[Source "ChessBase"]
[SourceDate "2017.04.27"]
[SourceVersion "1"]
[SourceVersionDate "2017.04.27"]
[SourceQuality "1"]

1. d4 Nf6 2. c4 e6 3. Nc3 Bb4 4. e3 d5 5. Qb3 c5 6. Bd2 0-0 7. dxc5 Bxc5 8. cxd5 exd5 9. Nf3 Nc6 10. Be2 d4 11. exd4 Nxd4 12. Nxd4 Bxd4 13. Rd1 Qe7 14. Qc4 Rd8 15. 0-0 Be6 16. Qa4 Bxa2 17. Qxa2 Bxc3 18. Bxc3 Qxe2 19. Rde1 Qc2 20. Re7 Qg6 21. Rxb7 Nd5 22. Be5 a5 23. Qa4 Re8 24. Bg3 h5 25. Qb5 Nb4 26. h3 Nd3 27. Rb6 f6 28. Rd6 Nb4 29. Rfd1 Qh6 30. Rd7 h4 31. Qc4+ Kh8 32. Bxh4 Rac8 33. Qg4 Rc1 34. Rxc1 Qxc1+ 35. Kh2 Qh6 36. Bg3 Qh7 37. Ra7 f5 38. Qg5 Nc6 39. Rf7 Kg8 40. Rxf5 Re1 41. Qf4 Qg6 42. Qc4+ Kh7 43. Rf4 Qb1 44. Rh4+ Kg6 45. Qxc6+ 1-0

[Event "Las Palmas Insular-chT Primera-B 1617"]
[Site "Las Palmas"]
[Date "2017.01.14"]
[Round "8.2"]
[White "Alonso Valiente, Alexis"]
[Black "Moyano Garcia, Ricardo"]
[Result "0-1"]
[WhiteElo "1952"]
[BlackElo "1882"]
[PlyCount "104"]
[EventDate "2016.10.22"]
[EventType "team-tourn"]
[EventRounds "14"]
[EventCountry "ESP"]
[SourceTitle "EXT 2018"]
[Source "ChessBase"]
[SourceDate "2017.10.13"]
[SourceVersion "1"]
[SourceVersionDate "2017.10.13"]
[SourceQuality "1"]
[WhiteTeam "Sociedad La Montana"]
[BlackTeam "Guia Univac II"]
[WhiteTeamCountry "ESP"]
[BlackTeamCountry "ESP"]

1. d4 Nf6 2. Bf4 d6 3. Nf3 Bf5 4. e3 h6 5. h3 Nbd7 6. c3 c6 7. Qb3 Qb6 8. Nbd2 Qxb3 9. axb3 g5 10. Bh2 Bg7 11. g4 Bg6 12. Bg2 0-0 13. 0-0 Ne4 14. Nxe4 Bxe4 15. Nd2 Bxg2 16. Kxg2 a6 17. f4 gxf4 18. Bxf4 f5 19. g5 e5 20. gxh6 Bf6 21. Bh2 Bg5 22. Kf3 Bxh6 23. Nc4 f4 24. Ke2 exd4 25. exd4 Rae8+ 26. Kf2 d5 27. Nd6 Re3 28. Rg1+ Kh7 29. Rae1 b6 30. Rg2 Rxe1 31. Kxe1 f3 32. Rg4 Nf6 33. Rh4 Kg6 34. Bf4 Bg5 35. Bxg5 Kxg5 36. Rh8 Rxh8 37. Nf7+ Kf4 38. Nxh8 Kg3 39. Ng6 f2+ 40. Ke2 Ne4 41. h4 Nd2 42. Kxd2 f1Q 43. Ne5 Qf4+ 44. Kc2 Qe4+ 45. Kd2 c5 46. h5 cxd4 47. cxd4 Qxd4+ 48. Nd3 Qh4 49. Kc3 b5 50. h6 a5 51. Nc1 Qxh6 52. Ne2+ Kf2 0-1

[Event "Canarias-ch"]
[Site "Vecindario"]
[Date "2016.05.29"]
[Round "4.5"]
[White "Alonso Valiente, Alexis"]
[Black "Camino Carrio, Nicanor"]
[Result "0-1"]
[WhiteElo "1950"]
[BlackElo "1922"]
[PlyCount "56"]
[EventDate "2016.05.27"]
[EventType "swiss"]
[EventRounds "6"]
[EventCountry "ESP"]
[SourceTitle "EXT 2024"]
[Source "ChessBase"]
[SourceDate "2023.10.10"]
[SourceVersion "1"]
[SourceVersionDate "2023.10.10"]
[SourceQuality "1"]

1. Nf3 Nf6 2. b3 g6 3. Bb2 Bg7 4. g3 0-0 5. Bg2 d6 6. c4 e5 7. d3 c5 8. Nc3 Nc6 9. 0-0 h6 10. e3 Be6 11. d4 Bg4 12. Ne2 exd4 13. exd4 Re8 14. h3 Bf5 15. Nh4 Qd7 16. Kh2 g5 17. Nxf5 Qxf5 18. f4 g4 19. h4 Re7 20. d5 Nb4 21. Bc3 Nc2 22. Qd2 Nxa1 23. Bxa1 Rae8 24. Nc3 Nh5 25. Bb2 a6 26. a3 Re3 27. b4 Nxg3 28. bxc5 Nxf1+ 0-1

[Event "Gran Canaria Galdos op 1st"]
[Site "Gran Canaria"]
[Date "2016.05.04"]
[Round "5"]
[White "Alonso Valiente, Alexis"]
[Black "Rodriguez Melian, Jose Luis"]
[Result "1-0"]
[WhiteElo "1950"]
[BlackElo "2126"]
[PlyCount "57"]
[EventDate "2016.04.26"]
[EventType "swiss"]
[EventRounds "6"]
[EventCountry "ESP"]
[SourceTitle "CBM 172 Extra"]
[Source "ChessBase"]
[SourceDate "2016.06.21"]
[SourceVersion "1"]
[SourceVersionDate "2016.06.21"]
[SourceQuality "1"]

1. e4 c5 2. Nf3 d6 3. d4 cxd4 4. Nxd4 a6 5. a4 Bd7 6. Nc3 Nc6 7. Be3 Nf6 8. Be2 Rc8 9. g4 Nxd4 10. Bxd4 h6 11. a5 Bc6 12. Qd3 e5 13. Bb6 Qd7 14. 0-0-0 Nxg4 15. f4 exf4 16. Qf3 Ne5 17. Qxf4 Be7 18. Kb1 Qe6 19. Rhg1 Bf6 20. Rg3 g5 21. Qf2 Bd8 22. Nd5 Bxd5 23. exd5 Qe7 24. Bd4 0-0 25. Rh3 Kg7 26. Qf5 Rc7 27. Bd3 Rh8 28. Re1 Qf6 29. Rxe5 1-0

[Event "Gran Canaria Galdos op 1st"]
[Site "Gran Canaria"]
[Date "2016.04.27"]
[Round "2"]
[White "Guerrero Orihuela, Jose Luis"]
[Black "Alonso Valiente, Alexis"]
[Result "1/2-1/2"]
[WhiteElo "1669"]
[BlackElo "1950"]
[PlyCount "127"]
[EventDate "2016.04.26"]
[EventType "swiss"]
[EventRounds "6"]
[EventCountry "ESP"]
[SourceTitle "CBM 172 Extra"]
[Source "ChessBase"]
[SourceDate "2016.06.21"]
[SourceVersion "1"]
[SourceVersionDate "2016.06.21"]
[SourceQuality "1"]

1. d4 d5 2. c4 e6 3. Nc3 Nf6 4. cxd5 exd5 5. Bg5 Be7 6. e3 0-0 7. Bd3 c6 8. Qc2 Nbd7 9. Nge2 Re8 10. 0-0 h6 11. Bh4 c5 12. dxc5 Nxc5 13. Bb5 Bd7 14. Bxd7 Ncxd7 15. Rfd1 Rc8 16. Bxf6 Nxf6 17. Qb3 Qb6 18. Qxb6 axb6 19. Nf4 Ne4 20. Nfxd5 Nxc3 21. Nxc3 Bf6 22. Rd3 Rc6 23. Rb1 Ra8 24. Ra1 b5 25. g3 Bxc3 26. bxc3 Ra3 27. Rb1 Rc5 28. Rd8+ Kh7 29. Rd7 Kg6 30. Rb2 Rcxc3 31. Rxb5 Ra6 32. Rbxb7 Rf6 33. Rb2 Ra3 34. Rdb7 Kh7 35. R7b3 Ra4 36. a3 Rfa6 37. Ra2 g5 38. h3 h5 39. f3 f5 40. Kf2 Rc4 41. Rab2 Rcc6 42. Ke2 Rd6 43. Ra2 Rac6 44. a4 Rc1 45. Rd3 Rdc6 46. Rad2 Rh1 47. Rd7+ Kg8 48. Kd3 Ra6 49. Kc2 Rxa4 50. Rc7 Ra2+ 51. Kd3 Rxd2+ 52. Kxd2 Rxh3 53. Rc5 Rxg3 54. Rxf5 h4 55. Ra5 Kg7 56. Ke2 h3 57. Ra1 Rg2+ 58. Kf1 Kg6 59. Ra8 Rb2 60. Kg1 h2+ 61. Kh1 Re2 62. Rh8 Rxe3 63. Kg2 Re2+ 64. Kg3 1/2-1/2

[Event "Gran Canaria Galdos op 1st"]
[Site "Gran Canaria"]
[Date "2016.04.26"]
[Round "1"]
[White "Alonso Valiente, Alexis"]
[Black "Monteiro Rodrigues, Carlos"]
[Result "1-0"]
[WhiteElo "1950"]
[BlackElo "1524"]
[PlyCount "31"]
[EventDate "2016.04.26"]
[EventType "swiss"]
[EventRounds "6"]
[EventCountry "ESP"]
[SourceTitle "CBM 172 Extra"]
[Source "ChessBase"]
[SourceDate "2016.06.21"]
[SourceVersion "1"]
[SourceVersionDate "2016.06.21"]
[SourceQuality "1"]

1. Nf3 d5 2. d4 Nf6 3. Bf4 e6 4. e3 Bd6 5. Ne5 0-0 6. Bd3 Nc6 7. Nd2 Ne7 8. g4 Ng6 9. Bg3 c5 10. c3 c4 11. Bc2 Bb8 12. f4 Nxe5 13. fxe5 Nd7 14. Qb1 g6 15. Nf3 f6 16. Bxg6 1-0

[Event "Las Palmas Insular-chT Pref"]
[Site "Las Palmas "]
[Date "2016.02.27"]
[Round "12.2"]
[White "Natalicchio Escalante, Ricardo Nicolas"]
[Black "Alonso Valiente, Alexis"]
[Result "1/2-1/2"]
[WhiteElo "2201"]
[BlackElo "1962"]
[PlyCount "140"]
[EventDate "2015.10.17"]
[EventType "team-tourn"]
[EventRounds "14"]
[EventCountry "ESP"]
[SourceTitle "EXT 2017"]
[Source "ChessBase"]
[SourceDate "2016.10.25"]
[SourceVersion "1"]
[SourceVersionDate "2016.10.25"]
[SourceQuality "1"]
[WhiteTeam "La Caja de Canarias"]
[BlackTeam "Sociedad La Montana"]
[WhiteTeamCountry "ESP"]
[BlackTeamCountry "ESP"]

1. d4 d5 2. c4 e6 3. Nf3 Nf6 4. g3 Be7 5. Bg2 0-0 6. 0-0 dxc4 7. Qc2 c5 8. dxc5 Bxc5 9. Qxc4 Qb6 10. Nc3 Qb4 11. Ne5 Qxc4 12. Nxc4 Nc6 13. Bg5 Rd8 14. Rfd1 Bd7 15. Nd6 Rab8 16. Nxb7 Rxb7 17. Bxc6 Rc7 18. Bxd7 Rcxd7 19. Rxd7 Rxd7 20. Bxf6 gxf6 21. Rd1 Rb7 22. b3 Rc7 23. Rd3 Bb4 24. Nb5 Rc2 25. Nxa7 Rxa2 26. Nc6 Bc5 27. b4 Bb6 28. e3 Rc2 29. Nb8 Rb2 30. Nd7 Rxb4 31. Nxf6+ Kg7 32. Nd7 Ba7 33. Kg2 f6 34. Rd6 Kf7 35. Ne5+ fxe5 36. Rd7+ Kf6 37. Rxa7 h5 38. h4 e4 39. Rh7 Kg6 40. Rh8 Rb5 41. Rg8+ Kf7 42. Rd8 Kf6 43. g4 hxg4 44. Kg3 Rb1 45. Kxg4 Rg1+ 46. Kf4 Rh1 47. Rh8 Kg7 48. Rh5 Kg6 49. Rg5+ Kf6 50. Rg4 e5+ 51. Kxe4 Rh2 52. f3 Rh3 53. f4 exf4 54. exf4 Ra3 55. Rg5 Rb3 56. h5 Ra3 57. Rg6+ Kf7 58. f5 Ra1 59. Kf4 Rf1+ 60. Kg5 Rg1+ 61. Kh6 Rf1 62. f6 Rxf6 63. Kh7 Rf1 64. h6 Rh1 65. Rg3 Rf1 66. Rg7+ Kf8 67. Rg5 Kf7 68. Ra5 Rf6 69. Ra7+ Kf8 70. Rg7 Rf1 1/2-1/2

[Event "Las Palmas Insular-chT Pref"]
[Site "Las Palmas "]
[Date "2016.02.06"]
[Round "11.2"]
[White "Alonso Valiente, Alexis"]
[Black "Also Alvarado, Luis"]
[Result "0-1"]
[WhiteElo "1962"]
[BlackElo "2145"]
[PlyCount "62"]
[EventDate "2015.10.17"]
[EventType "team-tourn"]
[EventRounds "14"]
[EventCountry "ESP"]
[SourceTitle "EXT 2017"]
[Source "ChessBase"]
[SourceDate "2016.10.25"]
[SourceVersion "1"]
[SourceVersionDate "2016.10.25"]
[SourceQuality "1"]
[WhiteTeam "Sociedad La Montana"]
[BlackTeam "Tres W"]
[WhiteTeamCountry "ESP"]
[BlackTeamCountry "ESP"]

1. d4 Nf6 2. Nf3 e6 3. Bf4 c5 4. e3 Nc6 5. c3 d5 6. Nbd2 Bd6 7. Bg3 Bxg3 8. hxg3 Qd6 9. dxc5 Qxc5 10. Bd3 e5 11. e4 Be6 12. Qe2 0-0 13. exd5 Bxd5 14. Ne4 Nxe4 15. Bxe4 f5 16. Bxd5+ Qxd5 17. 0-0 e4 18. Nd2 Ne5 19. Rfd1 Qe6 20. Nb3 Ng4 21. Nd2 Kh8 22. Nf1 f4 23. f3 Qb6+ 24. Rd4 exf3 25. gxf3 Rae8 26. Qg2 Ne5 27. Kh1 Qh6+ 28. Kg1 fxg3 29. Nd2 Qe3+ 30. Kh1 Nxf3 31. Nxf3 Rxf3 0-1

[Event "Las Palmas Insular-chT Pref"]
[Site "Las Palmas "]
[Date "2015.12.12"]
[Round "6.2"]
[White "Alonso Valiente, Alexis"]
[Black "Marrero Cardenes, Agustin"]
[Result "0-1"]
[WhiteElo "1962"]
[BlackElo "2027"]
[PlyCount "64"]
[EventDate "2015.10.17"]
[EventType "team-tourn"]
[EventRounds "14"]
[EventCountry "ESP"]
[SourceTitle "CBM 170 Extra"]
[Source "ChessBase"]
[SourceDate "2016.02.25"]
[SourceVersion "1"]
[SourceVersionDate "2016.02.25"]
[SourceQuality "1"]
[WhiteTeam "Sociedad La Montana"]
[BlackTeam "Real Club Victoria"]
[WhiteTeamCountry "ESP"]
[BlackTeamCountry "ESP"]

1. d4 Nf6 2. Nf3 e6 3. Bf4 b6 4. e3 Bb7 5. Bd3 Be7 6. h3 0-0 7. 0-0 Ne4 8. Nfd2 f5 9. f3 Nf6 10. c4 c5 11. Nc3 Nc6 12. Nb3 Nh5 13. d5 Nb4 14. a3 Nxf4 15. exf4 Na6 16. Re1 Bd6 17. dxe6 dxe6 18. Rxe6 Nc7 19. Re1 Bxf4 20. Ne2 Be3+ 21. Kh1 Qh4 22. Rf1 Rad8 23. Nbc1 f4 24. Qc2 Ne6 25. b4 Ng5 26. Ng1 Rf6 27. Nce2 Bc8 28. Rad1 Nxh3 29. Nxh3 Bxh3 30. g3 fxg3 31. Bxh7+ Kf7 32. Qe4 Bg2+ 0-1

[Event "Las Palmas Insular-chT Pref"]
[Site "Las Palmas "]
[Date "2015.12.05"]
[Round "5.2"]
[White "Alonso Valiente, Alexis"]
[Black "Menvielle Laccourreye, Augusto"]
[Result "0-1"]
[WhiteElo "1962"]
[BlackElo "2102"]
[PlyCount "90"]
[EventDate "2015.10.17"]
[EventType "team-tourn"]
[EventRounds "14"]
[EventCountry "ESP"]
[SourceTitle "CBM 170 Extra"]
[Source "ChessBase"]
[SourceDate "2016.02.25"]
[SourceVersion "1"]
[SourceVersionDate "2016.02.25"]
[SourceQuality "1"]
[WhiteTeam "Sociedad La Montana"]
[BlackTeam "La Caja de Canarias"]
[WhiteTeamCountry "ESP"]
[BlackTeamCountry "ESP"]

1. d4 f5 2. e4 fxe4 3. Nc3 Nf6 4. Bg5 c6 5. f3 d5 6. fxe4 dxe4 7. Bc4 Nbd7 8. Nge2 Nb6 9. Bb3 Nbd5 10. 0-0 Bg4 11. h3 Bh5 12. Qe1 h6 13. Bh4 Qd7 14. Nxd5 cxd5 15. Nc3 0-0-0 16. a4 e6 17. Nb5 b6 18. c4 a6 19. a5 dxc4 20. axb6 Qxb5 21. Bxc4 Qxb6 22. Qc1 a5 23. Bxe6+ Kb7 24. Rf5 Bb4 25. Bxf6 gxf6 26. Rxh5 Rxd4 27. Kh1 Qxe6 28. Rb5+ Ka6 29. Rbxa5+ Bxa5 30. Rxa5+ Kxa5 31. Qc5+ Ka6 32. Qxd4 Rc8 33. Qa4+ Kb7 34. Qb5+ Kc7 35. Qc5+ Kd7 36. Qa7+ Ke8 37. Qa4+ Kf8 38. Qa3+ Kg7 39. Qg3+ Kh7 40. Qe3 Qe5 41. Qd2 Rc7 42. Qe3 f5 43. h4 Qxb2 44. Qg3 Rg7 45. Qh3 Qc1+ 0-1

[Event "Gran Canaria Dominguez Memorial 2nd"]
[Site "Gran Canaria"]
[Date "2015.04.30"]
[Round "7"]
[White "Alonso Valiente, Alexis"]
[Black "Agejas Garcia, Diego"]
[Result "1-0"]
[WhiteElo "2039"]
[BlackElo "1507"]
[PlyCount "75"]
[EventDate "2015.04.09"]
[EventType "swiss"]
[EventRounds "7"]
[EventCountry "ESP"]
[SourceTitle "CBM 166 Extra"]
[Source "ChessBase"]
[SourceDate "2015.06.18"]
[SourceVersion "1"]
[SourceVersionDate "2015.06.18"]
[SourceQuality "1"]

1. d4 d5 2. c4 e6 3. Nc3 Nf6 4. cxd5 exd5 5. Bg5 Be7 6. Qc2 Be6 7. e3 c6 8. Bd3 Nbd7 9. Nge2 Nf8 10. 0-0 Ng6 11. f4 Bd7 12. Rae1 Ng4 13. Bxe7 Qxe7 14. Nc1 Qd6 15. e4 dxe4 16. Rxe4+ Ne7 17. Rfe1 Be6 18. Nb3 b6 19. h3 Nh6 20. Re5 g6 21. d5 Nxd5 22. Nxd5 cxd5 23. f5 Nxf5 24. Bxf5 gxf5 25. Rxf5 Kd7 26. Rfe5 Rac8 27. Qd3 Rc4 28. Kh1 Qb4 29. Rf1 Re4 30. Rxd5+ Bxd5 31. Qxd5+ Kc7 32. Rxf7+ Re7 33. Qe5+ Kd7 34. Rxe7+ Qxe7 35. Qxh8 Qe1+ 36. Kh2 Qe4 37. Qd4+ Qxd4 38. Nxd4 1-0

[Event "Gran Canaria Dominguez Memorial 2nd"]
[Site "Gran Canaria"]
[Date "2015.04.16"]
[Round "3"]
[White "Alonso Valiente, Alexis"]
[Black "Perez Rosales, Pedro"]
[Result "0-1"]
[WhiteElo "2039"]
[BlackElo "2073"]
[PlyCount "44"]
[EventDate "2015.04.09"]
[EventType "swiss"]
[EventRounds "7"]
[EventCountry "ESP"]
[SourceTitle "CBM 166 Extra"]
[Source "ChessBase"]
[SourceDate "2015.06.18"]
[SourceVersion "1"]
[SourceVersionDate "2015.06.18"]
[SourceQuality "1"]

1. d4 Nc6 2. Nf3 d5 3. Bf4 Bg4 4. e3 e6 5. c4 Bb4+ 6. Nc3 Nge7 7. Rc1 0-0 8. h3 Bh5 9. a3 Bxc3+ 10. bxc3 Rc8 11. Be2 dxc4 12. Bxc4 Nd5 13. Bh2 Qe7 14. Bxd5 exd5 15. Qb3 Qe4 16. Qxb7 Bxf3 17. gxf3 Qxf3 18. 0-0 Na5 19. Qxa7 Nc4 20. Rc2 Qxh3 21. Bxc7 Qd7 22. Bb6 Qg4+ 0-1